| 000 | 00971nam a22003137a 4500 | ||
|---|---|---|---|
| 003 | CHAP | ||
| 005 | 20220329134307.0 | ||
| 008 | 971013s r 00010 d | ||
| 010 | _a18281 | ||
| 011 | _a19253 | ||
| 035 | _a23338 | ||
| 040 | _cCHAP | ||
| 082 |
_a634.11 _bB6 |
||
| 100 | 0 | 0 |
_aBobb, Arthur C. _ecomp. _913308 |
| 245 | _aSize-controlling apple root stocks; a symposium | ||
| 260 |
_aStorrs, Conn. : _b(s.e.), _c(s.a.) |
||
| 300 |
_a97 p. _b: ilus. |
||
| 590 |
_aBATCH-UPD _b10 _c20130110 _lUCH01 _h1813 |
||
| 590 |
_aBATCH-UPD _b10 _c20130410 _lUCH01 _h1147 |
||
| 590 |
_aBATCH-UPD _b10 _c20130914 _lUCH01 _h1745 |
||
| 590 |
_aCONVERSION _b10 _c20130109 _lUCH01 _h1311 |
||
| 650 | 1 | 4 |
_aManzana _xCrecimiento. _970753 |
| 650 | 1 | 4 |
_aManzana _xFisiología y morfología. _970769 |
| 650 | 1 | 4 |
_aRaíces _994670 |
| 700 | 0 |
_aOberly, G. H. _ecomp. _982503 |
|
| 901 | _aBK | ||
| 942 | _cLIBRO | ||
| 949 |
_a634.11 B6 _bBC _cLIBRO _d33724000203113 _eLIBRO _h38079 _i23338 _mD _si |
||
| 999 |
_c18281 _d18281 |
||